000 00754nam a22002417a 4500
003 UA-OsUOA
001 125987
007 ta
008 20171005b un ||||| |||| 00| 0 ukr d
100 _aТэффи Н. А.
090 _a821.161.1
_bТ97
942 _cBK
040 _aUA-OsUOA
_brus
_cUA-OsUOA
_dUA-OsUOA
245 _aЮмористические рассказы. Из "Всеобщей истории, обработанной "Сатириконом"
300 _a415 с.
955 _a3
041 _arus
080 _a821.161.1
020 _a5-280-01822-8
260 _aМ.
_bХудожественная литература
_c1990
650 7 _a82 Література. Літературознавство
_2UDC
999 _c413225
_d413225